Southville International School and Colleges
Your cart is empty.
  • Cart
  • Lists
    Public lists Eva Luna New books Lux_list list_1
    Your lists Log in to create your own lists
  • Log in to your account
  • Your cookies
  • Search history
Southville International School and Colleges
  • Advanced search
  • Recent comments
  • Most popular
  • Libraries

Log in to your account

Log in with GOOGLE


If you do not have an external account, but do have a local account, you can still log in:

  1. Home
  2. MARC view: The starry night /
Normal view MARC view ISBD view

The starry night / (Record no. 11961)

[ view plain ]
MARC details
000 -LEADER
fixed length control field 00673nam a22002177a 4500
003 - CONTROL NUMBER IDENTIFIER
control field OSt
005 - DATE AND TIME OF LATEST TRANSACTION
control field 20140310182330.0
008 - FIXED-LENGTH DATA ELEMENTS--GENERAL INFORMATION
fixed length control field 130921t xxu||||| |||| 00| 0 eng d
020 ## - INTERNATIONAL STANDARD BOOK NUMBER
International Standard Book Number 1563977362
050 ## - LIBRARY OF CONGRESS CALL NUMBER
Classification number PZ 7
Item number .W146St 1999
082 ## - DEWEY DECIMAL CLASSIFICATION NUMBER
Classification number GS 823
Item number .W14s 1999
100 ## - MAIN ENTRY--PERSONAL NAME
Personal name Waldman, Neil
9 (RLIN) 21368
245 ## - TITLE STATEMENT
Title The starry night /
Statement of responsibility, etc Neil Waldman.
260 ## - PUBLICATION, DISTRIBUTION, ETC. (IMPRINT)
Place of publication, distribution, etc Pennsylvania :
Name of publisher, distributor, etc Caroline House,
Date of publication, distribution, etc 1999.
300 ## - PHYSICAL DESCRIPTION
Extent 32 p. :
Other physical details col. ill. ;
Dimensions 31 cm.
541 ## - IMMEDIATE SOURCE OF ACQUISITION NOTE
-- 1
650 ## - SUBJECT ADDED ENTRY--TOPICAL TERM
Topical term or geographic name as entry element Van Gogh,Vincent,1853-1890
General subdivision Fiction
-- Juvenile literature
9 (RLIN) 21369
650 ## - SUBJECT ADDED ENTRY--TOPICAL TERM
Topical term or geographic name as entry element Fantasy
General subdivision Juvenile literature
9 (RLIN) 21370
650 ## - SUBJECT ADDED ENTRY--TOPICAL TERM
Topical term or geographic name as entry element New York (N.Y.)
General subdivision fiction
9 (RLIN) 21371
942 ## - ADDED ENTRY ELEMENTS (KOHA)
Source of classification or shelving scheme Library of Congress Classification
Koha item type
Holdings
Withdrawn status Lost status Source of classification or shelving scheme Damaged status Home library Current library Shelving location Date acquired Total Checkouts Full call number Barcode Date last seen Copy number Price effective from Koha item type
    Library of Congress Classification   Luxembourg Library Luxembourg Library Grade School Section 09/21/2013   PZ 7 .W146St 1999 8656 09/21/2013 1 09/21/2013 Books

The starry night /

APA

Waldman N., . (1999). The starry night. Pennsylvania: Caroline House.

Chicago

Waldman Neil, . 1999. The starry night. Pennsylvania: Caroline House.

Harvard

Waldman N., . (1999). The starry night. Pennsylvania: Caroline House.

MLA

Waldman Neil, . The starry night. Pennsylvania: Caroline House. 1999.

  • Place hold
  • Print
  • Cite
  • Add to your cart (remove)
  • Save record
    BIBTEX Dublin Core MARCXML MARC (non-Unicode/MARC-8) MARC (Unicode/UTF-8) MARC (Unicode/UTF-8, Standard) MODS (XML) RIS
  • More searches
    Search for this title in:
    Other Libraries (WorldCat) Other Databases (Google Scholar) Online Stores (Bookfinder.com) Open Library (openlibrary.org)

Exporting to Dublin Core...

SOUTHVILLE LIBRARY

Southville International School and Colleges Library

1281 Tropical Ave. Cor. Luxembourg St., BF Homes International, Las Pinas City

Tel. No. 8256374 / 252358 Loc. 117/146

Powered by Koha